Walter Laqueur
| Titel: | Walter Laqueur |
|---|---|
| In: |
Journal of contemporary history, Band 54, Heft 1 (2019), Seite 3 alle Artikel anzeigen |
| Veröffentlicht: | 2019 |
| Format: | Aufsatz |
| Sprache: | Englisch |
X
alg: 52985152
001A $03025:14-05-25
001B $03025:14-05-25 $t16:15:54.000
001D $03025:14-05-25
001U $0utf8
001X $00
002@ $0Oou
002C $aText $btxt $2rdacontent
002D $aComputermedien $bc $2rdamedia
002E $aOnline-Ressource $bcr $2rdacarrier
003@ $0529851520
009Q $uhttps://doi.org/10.1177/0022009418808995 $xVolltext
010@ $aeng
010E $erda
011@ $a2019
013D $#Obituaries $#Nécrologies $#Nachruf $#Gedächtnisschrift Nachruf $#Nekrolog $74128540-2 $8Nachruf [Ts1] $9085446491
021A $aWalter Laqueur
031A $d54 $e1 $h3 $j2019
039B $aEnthalten in $8--Obvc--. Journal of contemporary history. - London {[u.a.] : Sage Publ., 1966-. - Online-Ressource. - ISSN 1461-7250 $x201900000540001997 $9083774181
044K $#Laqueur, Walter $#לקויר, זאב $#Lakir, Zeev $#Lakvir, Zeev $#Lakoir, Zeev $#Laker, Volter $#Laqueur, Walter Z. $#Laqueur, Walter Ze'ev $#Laḳṿir, Zeʾev $#Laḳṿir, Z. $#Laqueur, Walter Zeʾev $#ウォルター・ラカー $7119133555 $8Laqueur, Walter$Z1921-2018 [Tp1] $9087473682
045F $a900.90904 $eDDC23BSB
045F/01 $a900
045F/03 $f0904
lok: 52985152 78
exp: 52985152 78 1 #EPN
201B/01 $014-05-25 $t15:23:57.000
201C/01 $014-05-25
201U/01 $0utf8
203@/01 $0130450008X
208@/01 $a14-05-25 $be
209A/01 $a/ $f000 $x00
209A/01 $ab*p $x01
220C/01 $apgar
247C/01 $82080>Marburg/Lahn, Herder-Institut, Forschungsbibliothek, Bibliographieportal $9336309341
| LEADER | 00000caa a2200000 c 4500 | ||
|---|---|---|---|
| 001 | 529851520 | ||
| 003 | DE-603 | ||
| 005 | 20250514161554.0 | ||
| 007 | cr|||||||||||| | ||
| 008 | 250514s2019 xx |||| o| u00||u|eng c | ||
| 035 | |a (DE-599)HEB529851520 | ||
| 040 | |a DE-603 |b ger |c DE-603 |d DE-603 |e rda | ||
| 041 | |a eng | ||
| 082 | 0 | 4 | |8 1\u |a 900.90904 |q DE-101 |2 23/BSB |
| 085 | |8 1\u |b 900 | ||
| 085 | |8 1\u |z 1 |s 0904 | ||
| 245 | 0 | 0 | |a Walter Laqueur |
| 264 | 0 | |c 2019 | |
| 336 | |a Text |b txt |2 rdacontent | ||
| 337 | |a Computermedien |b c |2 rdamedia | ||
| 338 | |a Online-Ressource |b cr |2 rdacarrier | ||
| 600 | 1 | 7 | |a Laqueur, Walter |d 1921-2018 |0 (DE-588)119133555 |0 (DE-603)087473682 |2 gnd |
| 655 | 7 | |a Nachruf |2 gnd-content |0 (DE-588)4128540-2 |0 (DE-603)085446491 | |
| 773 | 0 | 8 | |i Enthalten in |t Journal of contemporary history |d London [u.a.] : Sage Publ., 1966- |h Online-Ressource |x 1461-7250 |g Band 54, Heft 1 (2019), Seite 3 |w (DE-603)083774181 |w (DE-600)1494064-4 |
| 856 | |u https://doi.org/10.1177/0022009418808995 | ||
| 924 | 1 | |9 2080 |a (DE-603)130450008X |b DE-2080 |c HES |d d |g / | |


